000 00296 a2200145 4500
001 194777
040 _cMagnum
100 _aAlencar, José de
240 1 0 _aO Sertanejo
_lpor
245 1 0 _aO Sertanejo
300 _a152
440 1 _aMelhoramentos
697 _aLITERATURA GERAL
942 _cBK
999 _c194777
_d194777